ISRAEL KAUM KE 13 BAKAL MUSNAH / (Record no. 203825)

MARC details
000 -LEADER
fixed length control field 00932nam a2200265 i 4500
005 - DATE AND TIME OF LATEST TRANSACTION
control field 20260413162001.0
008 - FIXED-LENGTH DATA ELEMENTS--GENERAL INFORMATION
fixed length control field 260413s2025 my bo gr 000 0 may d
020 ## - INTERNATIONAL STANDARD BOOK NUMBER
International Standard Book Number 9789672107446
Qualifying information paperback
Terms of availability RM29.00
040 ## - CATALOGING SOURCE
Original cataloging agency PPAK
Language of cataloging eng
Transcribing agency PPAK
Description conventions rda
082 04 - DEWEY DECIMAL CLASSIFICATION NUMBER
Classification number 297.18
Edition number 23
090 00 - LOCALLY ASSIGNED LC-TYPE CALL NUMBER (OCLC); LOCAL CALL NUMBER (RLIN)
Classification number (OCLC) (R) ; Classification number, CALL (RLIN) (NR) 297.18
Feature heading MOH
Feature heading G
100 0# - MAIN ENTRY--PERSONAL NAME
Personal name Mohammad Qayyum A. Badaruddin,
Titles and words associated with a name Mejar (B),
Relator term author.
245 10 - TITLE STATEMENT
Title ISRAEL KAUM KE 13 BAKAL MUSNAH /
Statement of responsibility, etc. MEJAR (B) MOHAMMAD QAYYUM A. BADARUDDIN
264 #1 - PRODUCTION, PUBLICATION, DISTRIBUTION, MANUFACTURE, AND COPYRIGHT NOTICE
Place of production, publication, distribution, manufacture Kajang, Selangor :
Name of producer, publisher, distributor, manufacturer CASAMAS RESOURCES SDN BHD,
Date of production, publication, distribution, manufacture, or copyright notice [2025?]
300 ## - PHYSICAL DESCRIPTION
Extent 156 pages :
Other physical details maps, photographs ;
Dimensions 22 cm
336 ## - CONTENT TYPE
Content type term text
Source rdacontent
Content type term still image
Source rdacontent
337 ## - MEDIA TYPE
Media type term unmediated
Source rdamedia
338 ## - CARRIER TYPE
Carrier type term volume
Source rdacarrier
500 ## - GENERAL NOTE
General note Contains verses from the Qur'an.
504 ## - BIBLIOGRAPHY, ETC. NOTE
Bibliography, etc. note Bibliography: pages 155-156.
650 10 - SUBJECT ADDED ENTRY--TOPICAL TERM
Topical term or geographic name entry element Islamic stories, Malay
Topical term or geographic name entry element Arab-Israeli conflict
942 ## - ADDED ENTRY ELEMENTS (KOHA)
Source of classification or shelving scheme Dewey Decimal Classification
Koha item type Book
Holdings
Withdrawn Not for loan Current library Shelving location Date acquired Total Checkouts Full call number Barcode Date last seen Koha item type
    Perpustakaan Alor Setar Pinjaman Dewasa 14/04/2026   297.18 MOH A01908866 14/04/2026 Book
    Perpustakaan Awam Sungai Petani Pinjaman Dewasa 14/04/2026   297.18 MOH A01908867 14/04/2026 Book
    Perpustakaan Baling Pinjaman Dewasa 14/04/2026   297.18 MOH A01908871 14/04/2026 Book
    Perpustakaan Bandar Baharu Pinjaman Dewasa 14/04/2026   297.18 MOH A01908872 14/04/2026 Book
    Perpustakaan Jitra Pinjaman Dewasa 14/04/2026   297.18 MOH A01908868 14/04/2026 Book
    Perpustakaan Kuala Nerang Pinjaman Dewasa 14/04/2026   297.18 MOH A01908876 14/04/2026 Book
    Perpustakaan Kulim Pinjaman Dewasa 14/04/2026   297.18 MOH A01908870 14/04/2026 Book
    Perpustakaan Langkawi Pinjaman Dewasa 14/04/2026   297.18 MOH A01908869 14/04/2026 Book
    Perpustakaan Merbok Pinjaman Dewasa 14/04/2026   297.18 MOH A01908873 14/04/2026 Book
    Perpustakaan Pendang Pinjaman Dewasa 14/04/2026   297.18 MOH A01908877 14/04/2026 Book
    Perpustakaan Sik Pinjaman Dewasa 14/04/2026   297.18 MOH A01908875 14/04/2026 Book
    Perpustakaan Yan Pinjaman Dewasa 14/04/2026   297.18 MOH A01908874 14/04/2026 Book